| 000 | 00919nam a22002297a 4500 | ||
|---|---|---|---|
| 003 | UA-OsUOA | ||
| 001 | 43815 | ||
| 007 | ta | ||
| 008 | 20070125b un ||||| |||| 00| 0 ukr d | ||
| 090 |
_a281.9 _bЩ92 |
||
| 942 | _cBK | ||
| 040 |
_aUA-OsUOA _bukr _cUA-OsUOA _dUA-OsUOA |
||
| 245 |
_aЩоденник Андрія та Федора Кирнецьких, священиків Свято-Миколаївської церкви с. Ховзовки Глухівського повіту Новгород-Сіверського намісництва (грудень 1787 - жовтень 1788 рр.) _cУпор. І.Ситий |
||
| 300 | _a100 с. | ||
| 955 | _a1 | ||
| 041 | _aukr | ||
| 080 | _a281.9 | ||
| 020 | _a966-7089-49-3 | ||
| 260 |
_aЧернігів _bСіверянська думка _c2006 |
||
| 650 | 7 |
_a281.9 Східна православна церква і скопці _2UDC |
|
| 999 |
_c329932 _d329932 |
||